<?xml version="1.0" encoding="UTF-8"?>
<record
    xmlns:xsi="http://www.w3.org/2001/XMLSchema-instance"
    xsi:schemaLocation="http://www.loc.gov/MARC21/slim http://www.loc.gov/standards/marcxml/schema/MARC21slim.xsd"
    xmlns="http://www.loc.gov/MARC21/slim">

  <leader>     nam a22     7a 4500</leader>
  <datafield tag="952" ind1=" " ind2=" ">
    <subfield code="0">0</subfield>
    <subfield code="1">0</subfield>
    <subfield code="2">lcc</subfield>
    <subfield code="4">0</subfield>
    <subfield code="7">0</subfield>
    <subfield code="a">PAC</subfield>
    <subfield code="b">PAC</subfield>
    <subfield code="c">SPCL</subfield>
    <subfield code="d">2017-07-06</subfield>
    <subfield code="l">0</subfield>
    <subfield code="o">Spec HE 367 .K4O38 2015</subfield>
    <subfield code="p">53680</subfield>
    <subfield code="r">2017-07-06 00:00:00</subfield>
    <subfield code="t">c.1</subfield>
    <subfield code="w">2017-07-06</subfield>
    <subfield code="y">SPEC</subfield>
  </datafield>
  <datafield tag="952" ind1=" " ind2=" ">
    <subfield code="0">0</subfield>
    <subfield code="1">0</subfield>
    <subfield code="2">lcc</subfield>
    <subfield code="4">0</subfield>
    <subfield code="7">0</subfield>
    <subfield code="a">PAC</subfield>
    <subfield code="b">PAC</subfield>
    <subfield code="c">SPCL</subfield>
    <subfield code="d">2017-07-06</subfield>
    <subfield code="l">0</subfield>
    <subfield code="o">Spec HE 367 .K4O38 2015</subfield>
    <subfield code="p">53681</subfield>
    <subfield code="r">2017-07-06 00:00:00</subfield>
    <subfield code="t">c.2</subfield>
    <subfield code="w">2017-07-06</subfield>
    <subfield code="y">SPEC</subfield>
  </datafield>
  <datafield tag="999" ind1=" " ind2=" ">
    <subfield code="c">29172</subfield>
    <subfield code="d">29172</subfield>
  </datafield>
  <controlfield tag="003">PACU</controlfield>
  <controlfield tag="005">20170706142838.0</controlfield>
  <controlfield tag="008">170706b        xxu||||| |||| 00| 0 eng d</controlfield>
  <datafield tag="040" ind1=" " ind2=" ">
    <subfield code="b">eng</subfield>
    <subfield code="c">PACU</subfield>
  </datafield>
  <datafield tag="050" ind1=" " ind2=" ">
    <subfield code="a">Spec HE 367</subfield>
    <subfield code="b">.K4O38 2015</subfield>
  </datafield>
  <datafield tag="100" ind1=" " ind2=" ">
    <subfield code="a">Oguso, Alex</subfield>
  </datafield>
  <datafield tag="245" ind1=" " ind2=" ">
    <subfield code="a">Enhancing road infrastructure development through public private partnership in Kenya</subfield>
    <subfield code="b">a comparative analysis</subfield>
    <subfield code="c">Alex Oguso</subfield>
  </datafield>
  <datafield tag="260" ind1=" " ind2=" ">
    <subfield code="a">Nairobi</subfield>
    <subfield code="b">KIPPRA</subfield>
    <subfield code="c">2015</subfield>
  </datafield>
  <datafield tag="300" ind1=" " ind2=" ">
    <subfield code="a">v, 246 pages</subfield>
    <subfield code="b">color illustrations</subfield>
    <subfield code="c"> 25 cm</subfield>
  </datafield>
  <datafield tag="310" ind1=" " ind2=" ">
    <subfield code="a">KIPPRA Discussion Paper No. 184</subfield>
  </datafield>
  <datafield tag="650" ind1=" " ind2=" ">
    <subfield code="a">Roads</subfield>
    <subfield code="b">Government policy</subfield>
    <subfield code="x">Maintenance and repair</subfield>
    <subfield code="z">Kenya</subfield>
  </datafield>
  <datafield tag="942" ind1=" " ind2=" ">
    <subfield code="2">lcc</subfield>
    <subfield code="c">SPEC</subfield>
  </datafield>
</record>
